000 00801nas a2200277 4500
001 BR0704354
003 BR-BrBNA
005 20231205111401.0
007 ta
008 230509b bl.|||p| |||| 00| 00por d
040 _aBR-BrBNA
_bpor
_cBiblioteca Nacional de Agricultura
041 _a(Pt)
072 _aS01; S30
100 1 _aZancul, M. de S.
100 1 _aDal Fabbro, A.L.
245 1 _aAvaliação antropométrica de adolescentes em Ribeirão Preto (SP)
650 _aNUTRIÇÃO HUMANA
650 _aESCOLA
650 _aDIETA
650 _aHABITO ALIMENTAR
650 _aBAÇO
650 _aFIGADO
773 0 _tAlimentos e Nutrição (Brazil)
_xISSN 0103-4235
_g(Abr-Jun 2005), v. 16(2) p. 117-121
_wBR0704354
909 _a202311
_bLúcia
_c55
_dLúcia Elande
942 _2AGRIS
_n0
_cANA
999 _c192408
_d192408